000
00277nam a2200121Ia 4500
005
20251222155110.0
008
251222s9999||||xx |||||||||||||| ||spa||
082
_a
EMI.21
100
_a
LOWDERMILK
245
0
_a
EnfermerÃa Materno Infantil
264
_b
No tiene
942
_c
LIB
999
_c
38009
_d
38009